000 01742cam a2200457 4500
003 PE-LiUPU
005 20250731172959.0
008 1998 xxua eng
020 _a0816316228
035 _a(Sirsi) i9780816316229
040 _bspa
_cPE-LiUPU
_dPE-LiUPU
_erda
041 _aen
082 0 4 _a286.732092
_bD95in
_223
100 1 _aDouglass, Herbert E.
_eautor.
245 1 0 _aMessenger of the Lord :
_bthe prophetic ministry of Ellen G. White /
_cHerbert E. Douglass.
264 1 _aNampa, Idaho :
_bPacific Press Publishing Association,
_c1998
300 _a586 páginas :
_bilustraciones ;
_c28 centimetros
336 _atext
_2rdacontent
337 _aunmediated
_2rdamedia
338 _avolume
_2rdacarrier
504 _aIncluye bibliografía
505 0 _aGod's communication System -- The real Ellen White -- The listening messenger -- The voice of a movement -- Nurturer of Inspired concepts -- How to listen to the messenger -- How to evaluate criticism -- Continuing relevancy of God's messenger.
526 _aSEG42
526 _aSEG41
526 _aSEG40
526 _aSEG39
526 _aP94
526 _aP87
526 _aP86
526 _aP85
526 _aP77
526 _aP76
526 _aP35
600 _aWhite, Elena G. de
_d1827-1915
910 _aaj-op
942 _2ddc
_cBK
949 _aBX6193.W5 D68 1998
_wDEWEY
_c1
_iCW58438
_lCIA
_mBWL
_p22.00
_r0
_sY
_tBOOK
_u2017-1-30
_xWHITE
_zUNKNOWN
_0COMPRA
_o.STAFF. Centro White
949 _aBX6193.W5 D68 1998
_wDEWEY
_c2
_iCW45469
_f2017-2-15
_g1
_lCIA
_mBWL
_p22.00
_r0
_sY
_tBOOK
_u2017-1-30
_xWHITE
_zUNKNOWN
_0COMPRA
_o.STAFF. Centro White
999 _c22332
_d22332
980 _81
_gALBERTO SANCHEZ Responsable de Automatización